Memoria de los trabajos realizados por el Consejo de la Asociación de Agricultores de España (Record no. 163661)

MARC details
000 -LEADER
campo de control de longitud fija 00770nam a2200169 i 4500
001 - NÚMERO DE CONTROL
campo de control 163661
003 - IDENTIFICADOR DE NÚMERO DE CONTROL
campo de control ES-MaACL
005 - FECHA Y HORA DE LA ÚLTIMA TRANSACCIÓN
campo de control 20230906212802.0
008 - DATOS DE LONGITUD FIJA--INFORMACIÓN GENERAL
campo de control de longitud fija 050719s1899 sp | |||||||| ||spa d
040 ## - FUENTE DE CATALOGACIÓN
Centro catalogador/agencia de origen CAM
Lengua de catalogación spa
Centro/agencia transcriptor CAM
100 1# - ENTRADA PRINCIPAL--NOMBRE DE PERSONA
Nombre de persona Robles y Nisarre, José de.
9 (RLIN) 131901
245 10 - MENCIÓN DEL TÍTULO
Título Memoria de los trabajos realizados por el Consejo de la Asociación de Agricultores de España
Resto del título : 1898-99 /
Mención de responsabilidad, etc. redactada por José de Robles y Nisarre.
260 ## - PUBLICACIÓN, DISTRIBUCIÓN, ETC.
Lugar de publicación, distribución, etc. Madrid :
Nombre del editor, distribuidor, etc. [s.n.],
Fecha de publicación, distribución, etc. 1899 (
Fabricante Imprenta de los hijos de M.G. Hernandez)
300 ## - DESCRIPCIÓN FÍSICA
Extensión 36 p. ;
Dimensiones 23 cm.
610 04 - PUNTO DE ACCESO ADICIONAL DE MATERIA--NOMBRE DE ENTIDAD CORPORATIVA
Nombre de entidad corporativa o nombre de jurisdicción como elemento de entrada Asociación de Agricultores de España.
9 (RLIN) 1550
852 ## - LOCALIZACIÓN
Ubicación ES-MaACL
Número de control de estantería T-921-F-6
Nota libre -- Enc. hol. conservando la cub. original
-- -- Donación de la Asociación
-- -- Enc. en un vol. facticio que mide 29 cm
Holdings
Estatus retirado Estado de pérdida Estado de daño No para préstamo Colección Biblioteca de origen Biblioteca actual Ubicación en estantería Fecha de adquisición Total de préstamos Signatura topográfica completa Código de barras Visto por última vez Precio de reemplazo Tipo de ítem Koha
        Colección de folletos Biblioteca del Ateneo de Madrid Biblioteca del Ateneo de Madrid Depósito folletos 17/01/2008   T-921-F-6 1171504 23/02/2023 23/02/2023 Folleto